MARC

Tag First Indicator Second Indicator Subfields
LEADER 00000cam a2200000 a 4500
001 in00000007651
005 20240515174817.0
008 860808m19852006gw a b 001 0 eng
010 |a  86192622  
016 7 |a 005726392  |2 Uk 
019 |a 13834065  |a 14149978  |a 16681066  |a 148842217  |a 609744542  |a 610534600  |a 1001003376  |a 1168030775 
020 |a 918609825X  |q (pbk. ;  |q v. 1) 
020 |a 9789186098254  |q (pbk. ;  |q v. 1) 
020 |a 9789170812163  |q (pbk. ;  |q v. 2) 
020 |a 9170812160  |q (pbk. ;  |q v. 2) 
029 1 |a AU@  |b 000004763008 
029 1 |a AU@  |b 000012648099 
029 1 |a NZ1  |b 3184763 
029 1 |a OHX  |b har065022156 
029 1 |a UKMGB  |b 005726392 
035 |a (OCoLC)ocm13409783  
035 |a (OCoLC)13409783  |z (OCoLC)13834065  |z (OCoLC)14149978  |z (OCoLC)16681066  |z (OCoLC)148842217  |z (OCoLC)609744542  |z (OCoLC)610534600  |z (OCoLC)1001003376  |z (OCoLC)1168030775 
035 |a (OCoLC)ocm13409783  
040 |a DLC  |b eng  |c DLC  |d BAKER  |d BTCTA  |d OHX  |d ZCU  |d BDX  |d YDXCP  |d OCLCO  |d OCLCF  |d OCLCQ  |d IL4I4  |d EUX  |d OCLCQ  |d UKMGB  |d IL4J6  |d OCLCO  |d HUL  |d OCLCO  |d OCLCL 
043 |a a-tu--- 
050 0 0 |a DS156.C33  |b R66 1985 
082 0 0 |a 939/.2  |2 19 
100 1 |a Roos, Paavo. 
245 1 0 |a Survey of rock-cut chamber-tombs in Caria /  |c by Paavo Roos. 
260 |a Göteborg :  |b P. Åströms,  |c 1985-2006. 
300 |a 2 volumes :  |b illustrations ;  |c 31 cm. 
336 |a text  |b txt  |2 rdacontent 
337 |a unmediated  |b n  |2 rdamedia 
338 |a volume  |b nc  |2 rdacarrier 
490 1 |a Studies in Mediterranean archaeology ;  |v vol. 72:1-2 
504 |a Includes bibliographical references (v. 1, pages 52-54) and index. 
505 0 |a pt. 1. South-eastern Caria and the Lyco-Carian borderland -- pt. 2. Central Caria. 
650 0 |a Tombs  |z Turkey  |z Caria. 
650 0 |a Architecture, Hellenistic  |z Turkey  |z Caria. 
650 0 |a Architecture, Roman  |z Turkey  |z Caria. 
651 0 |a Turkey  |x Antiquities. 
651 0 |a Caria  |x History, Local. 
651 6 |a Turquie  |x Antiquités. 
651 6 |a Carie (Région ancienne)  |x Histoire locale. 
650 7 |a Antiquities  |2 fast 
650 7 |a Architecture, Hellenistic  |2 fast 
650 7 |a Architecture, Roman  |2 fast 
650 7 |a Tombs  |2 fast 
651 7 |a Turkey  |2 fast  |1 https://id.oclc.org/worldcat/entity/E39PBJxmHG9jJjCTM3y4pFRqcP 
651 7 |a Turkey  |z Caria  |2 fast  |1 https://id.oclc.org/worldcat/entity/E39PBJgcXV6Ff4rxMcXwgvhPwC 
650 7 |a Tombs  |z Turkey  |z Caria.  |2 nli 
650 7 |a Excavations (Archaeology)  |z Turkey  |z Caria.  |2 nli 
651 7 |a Caria  |x Antiquities.  |2 nli 
655 7 |a Local history  |2 fast 
758 |i has work:  |a South-eastern Caria and the Lyco-Carian borderland Survey of rock-cut chamber-tombs in Caria 1 (Text)  |1 https://id.oclc.org/worldcat/entity/E39PCXq6vjfydr9kk49DRWkVqP  |4 https://id.oclc.org/worldcat/ontology/hasWork 
776 0 8 |i Online version:  |a Roos, Paavo.  |t Survey of rock-cut chamber-tombs in Caria.  |d Göteborg : P. Åströms, 1985-  |w (OCoLC)561105915 
776 0 8 |i Online version:  |a Roos, Paavo.  |t Survey of rock-cut chamber-tombs in Caria.  |d Göteborg : P. Åströms, 1985-  |w (OCoLC)607634652 
830 0 |a Studies in Mediterranean archaeology ;  |v v. 72:1-2. 
938 |a Baker & Taylor  |b BKTY  |c 109.00  |d 109.00  |i 918609825X  |n 0001066978  |s active 
938 |a Brodart  |b BROD  |n 37026496  |c $80.00 
938 |a Baker and Taylor  |b BTCP  |n 86192622 
938 |a Otto Harrassowitz  |b HARR  |n har065022156 
938 |a YBP Library Services  |b YANK  |n 7803751 
948 |h HELD BY TXA - 121 OTHER HOLDINGS 
994 |a Z0  |b TXA 
999 f f |s bc0adf1f-de7a-3678-86ce-d80ea311b9fd  |i 41967737-e842-3fd2-98f9-ec9a6c9d8dfd  |t 0 
952 f f |p ric  |a Texas A&M University  |b Rellis Campus  |c Joint Library Facility  |s JLF  |d Remote Storage  |t 0  |e DS156.C33 R66 1985  |h Library of Congress classification  |i unmediated -- volume  |k pt.1  |m A14810796066